[Event "33rd Rilton Cup"]
[Site "Stockholm SWE"]
[Date "2003.12.28"]
[Round "2.67"]
[White "Breen, Veronica"]
[Black "Haapasalo, Jukka-Pekka"]
[Result "0-1"]
[WhiteElo "1998"]
[BlackElo "2146"]
[EventDate "2003.12.27"]
[PlyCount "58"]

1.d4 Nf6 2.Bg5 b6 3.Bxf6 gxf6 4.e4 c5 5.d5 Bg7 6.Qg4 Kf8 7.Nc3 h5 8.Qf3 d6
9.h3 a6 10.Nge2 h4 11.Nf4 Nd7 12.Nd3 b5 13.Qe2 f5 14.g4 hxg3 15.fxg3 b4 
16.Nd1 fxe4 17.Qxe4 Bb7 18.Bg2 Nf6 19.Qf5 e6 20.Qf2 Bxd5 21.Nf4 Bxg2 22.
Qxg2 Ra7 23.g4 Qa8 24.Qxa8+ Rxa8 25.Rf1 Ke7 26.Ne3 Bh6 27.O-O-O Bxf4 28.
Rxf4 Rxh3 29.Re1 Rxe3 0-1

[Event "33rd Rilton Cup"]
[Site "Stockholm SWE"]
[Date "2003.12.28"]
[Round "2.68"]
[White "Nordlund, Jim"]
[Black "Krantz, Christopher"]
[Result "1-0"]
[WhiteElo "2145"]
[BlackElo "1919"]
[EventDate "2003.12.27"]
[PlyCount "55"]

1.e4 e6 2.d4 d5 3.Nd2 Nf6 4.e5 Nfd7 5.Bd3 c5 6.c3 Nc6 7.Ne2 f6 8.Nf4 Qe7 
9.exf6 Qxf6 10.Nf3 cxd4 11.Nxd4 Nxd4 12.cxd4 Bb4+ 13.Bd2 Bxd2+ 14.Qxd2 O-O
15.Nh5 Qf7 16.Ng3 Nb8 17.O-O Nc6 18.Bb5 Nd8 19.Rac1 a6 20.Ba4 b5 21.Bc2 
Bd7 22.f4 Nc6 23.f5 exf5 24.Bxf5 Bxf5 25.Nxf5 Qd7 26.Qg5 Nb4 27.Rce1 Nc6 
28.Re7 1-0

[Event "33rd Rilton Cup"]
[Site "Stockholm SWE"]
[Date "2003.12.29"]
[Round "3.13"]
[White "Moen, Andreas"]
[Black "Acs, Peter"]
[Result "1-0"]
[WhiteElo "2239"]
[BlackElo "2593"]
[EventDate "2003.12.27"]
[PlyCount "83"]

1.d4 Nf6 2.c4 e6 3.Nc3 Bb4 4.Qc2 O-O 5.e4 d5 6.e5 Ne4 7.Bd3 c5 8.a3 Ba5 9.
Bxe4 dxe4 10.dxc5 Nc6 11.Bf4 f5 12.exf6 Qxf6 13.Ne2 e5 14.Be3 Nd4 15.Qa4 
Nxe2 16.Qxa5 Nd4 17.Nd5 Qh4 18.Qc3 Qg4 19.Bxd4 exd4 20.Qxd4 Qxg2 21.O-O-O 
Qg5+ 22.Kb1 Kh8 23.Rhg1 Qh6 24.Rg3 Bf5 25.Ne7 Be6 26.Ka1 Qf6 27.Nd5 Qxd4 
28.Rxd4 Bg8 29.Rxe4 Rxf2 30.Re7 Rf7 31.Rge3 Rc8 32.Rxf7 Bxf7 33.Re7 Kg8 
34.Rxb7 Bxd5 35.cxd5 Rxc5 36.d6 Rd5 37.d7 Kf8 38.Rxa7 h5 39.Ra8+ Ke7 40.
d8=Q+ Rxd8 41.Rxd8 Kxd8 42.Kb1 1-0

[Event "33rd Rilton Cup"]
[Site "Stockholm SWE"]
[Date "2003.12.29"]
[Round "3.26"]
[White "Malysheva, Polina"]
[Black "Nataf, Igor-Alexandre"]
[Result "0-1"]
[WhiteElo "2157"]
[BlackElo "2561"]
[EventDate "2003.12.27"]
[PlyCount "98"]

1.e4 e5 2.Nf3 Nc6 3.Bb5 a6 4.Ba4 Nf6 5.d4 exd4 6.e5 Ne4 7.O-O Be7 8.Nxd4 
O-O 9.Nf5 d5 10.exd6 Bxf5 11.dxe7 Nxe7 12.Qe2 Qd4 13.Bb3 Rfe8 14.Nd2 Nc5 
15.Nf3 Qd6 16.Rd1 Nd5 17.Qc4 Nxb3 18.Qxb3 Be4 19.Ng5 Qc6 20.Nxe4 Rxe4 21.
h3 Rc4 22.Qd3 Rd8 23.c3 Rd6 24.Qf3 h6 25.Be3 Rh4 26.Rd4 Rxd4 27.Bxd4 Rg6 
28.Re1 Nf4 29.Qxc6 Rxc6 30.Re8+ Kh7 31.Kf1 Nd3 32.Re2 Rd6 33.Re7 Re6 34.
Rxe6 fxe6 35.c4 c5 36.Bc3 b5 37.cxb5 axb5 38.b3 Nc1 39.a4 b4 40.Bb2 Nxb3 
41.Ke2 c4 42.Be5 Nc5 43.a5 Kg6 44.Ke3 c3 45.f4 Kf7 46.Ke2 g6 47.Bd6 b3 48.
Kd1 Nd3 49.Ba3 Nb2+ 0-1

[Event "33rd Rilton Cup"]
[Site "Stockholm SWE"]
[Date "2003.12.29"]
[Round "3.27"]
[White "Henriksson, Jacob"]
[Black "Milanovic, Danilo"]
[Result "1-0"]
[WhiteElo "2187"]
[BlackElo "2446"]
[EventDate "2003.12.27"]
[PlyCount "89"]

1.d4 Nf6 2.c4 c5 3.d5 b5 4.cxb5 a6 5.bxa6 g6 6.Nc3 Bxa6 7.g3 d6 8.Bg2 Bg7 
9.Nf3 Nbd7 10.Rb1 O-O 11.O-O Qa5 12.Bd2 Rfb8 13.b3 Ne8 14.Qc2 Nc7 15.a4 
Qb6 16.Rfd1 Qa7 17.e4 Rb6 18.Be3 Bxc3 19.Qxc3 Be2 20.Rd2 Bxf3 21.Bxf3 Qb7 
22.Rdb2 Rb8 23.Bg2 Rb4 24.Bc1 Qa7 25.Bd2 Na6 26.Qe3 R4b7 27.Bc3 Nb4 28.f4 
Qa6 29.Bf1 Qa5 30.Bb5 Nf6 31.Qf3 Ra7 32.Bc4 Qd8 33.Rd1 Nd7 34.h4 h5 35.e5 
Nb6 36.f5 Nxc4 37.bxc4 Rxa4 38.fxg6 fxg6 39.e6 Qf8 40.Qe4 Qf5 41.Qe3 Rf8 
42.Qh6 Rf6 43.Bxf6 exf6 44.Rf1 Qg4 45.Kh2 1-0

[Event "33rd Rilton Cup"]
[Site "Stockholm SWE"]
[Date "2003.12.29"]
[Round "3.29"]
[White "Ask, Josef"]
[Black "Molander, Riku"]
[Result "1/2-1/2"]
[WhiteElo "2178"]
[BlackElo "2324"]
[EventDate "2003.12.27"]
[PlyCount "52"]

1.e4 c5 2.Nf3 d6 3.d3 Nc6 4.g3 g6 5.Bg2 Bg7 6.O-O e5 7.c3 Nge7 8.a3 a5 9.
a4 O-O 10.Na3 h6 11.Nd2 Be6 12.Ndc4 f5 13.f4 Kh7 14.Be3 exf4 15.Bxf4 Ne5 
16.exf5 gxf5 17.Bxe5 dxe5 18.Bxb7 Ra7 19.Bg2 Rd7 20.Qe1 Ng6 21.Qf2 Rxd3 
22.Qxc5 Qg5 23.Rae1 Rc8 24.Qb5 e4 25.Rf2 Bf8 26.Qa6 Re8 1/2-1/2

[Event "33rd Rilton Cup"]
[Site "Stockholm SWE"]
[Date "2003.12.29"]
[Round "3.31"]
[White "Bromann, Thorbjorn"]
[Black "Norberg, Erik"]
[Result "1/2-1/2"]
[WhiteElo "2360"]
[BlackElo "2166"]
[EventDate "2003.12.27"]
[PlyCount "35"]

1.d4 g6 2.e4 Bg7 3.Nc3 c6 4.Be3 d5 5.e5 f6 6.f4 Nh6 7.Nf3 Bg4 8.h3 Bxf3 9.
Qxf3 fxe5 10.fxe5 Nf5 11.Bf2 O-O 12.Qd3 e6 13.h4 c5 14.dxc5 Nc6 15.Qb5 
Nxe5 16.Be2 Bh6 17.Rh3 Qf6 18.Nd1 1/2-1/2

[Event "33rd Rilton Cup"]
[Site "Stockholm SWE"]
[Date "2003.12.29"]
[Round "3.32"]
[White "Forsberg, Viktor"]
[Black "Netzer, Jean"]
[Result "1/2-1/2"]
[WhiteElo "2153"]
[BlackElo "2268"]
[EventDate "2003.12.27"]
[PlyCount "43"]

1.c4 g6 2.g3 Bg7 3.Bg2 c5 4.Nc3 Nc6 5.a3 d6 6.Rb1 a5 7.Nf3 e5 8.O-O Nge7 
9.d3 h6 10.Ne1 O-O 11.Nc2 b6 12.Bd2 Be6 13.Ne3 f5 14.Ned5 Rb8 15.b4 axb4 
16.axb4 Qd7 17.Qa4 Kf7 18.b5 Nd8 19.Nxe7 Kxe7 20.Nd5+ Bxd5 21.Bxd5 Ne6 22.
Bc3 1/2-1/2

[Event "33rd Rilton Cup"]
[Site "Stockholm SWE"]
[Date "2003.12.29"]
[Round "3.34"]
[White "Haapasalo, Jukka-Pekka"]
[Black "Eriksson, Jonas"]
[Result "1-0"]
[WhiteElo "2146"]
[BlackElo "2288"]
[EventDate "2003.12.27"]
[PlyCount "57"]

1.e4 c6 2.d4 d5 3.exd5 cxd5 4.c4 Nf6 5.Nc3 g6 6.cxd5 Bg7 7.Bc4 O-O 8.Nge2 
Nbd7 9.Nf4 Nb6 10.Bb3 Bg4 11.f3 Bd7 12.g4 e6 13.dxe6 Bxe6 14.Nxe6 fxe6 15.
Bxe6+ Kh8 16.d5 Nxg4 17.Bxg4 Qh4+ 18.Kd2 h5 19.Be6 Qg5+ 20.Kc2 Qg2+ 21.Kb3
a5 22.a4 Rxf3 23.Qg1 Qe2 24.Qxb6 Bxc3 25.bxc3 Rf2 26.Qe3 Qc2+ 27.Kc4 g5 
28.Qd4+ Kh7 29.Qd3+ 1-0

[Event "33rd Rilton Cup"]
[Site "Stockholm SWE"]
[Date "2003.12.29"]
[Round "3.37"]
[White "Franssila, Tommi"]
[Black "Loenngren, Tobias"]
[Result "1-0"]
[WhiteElo "2273"]
[BlackElo "2155"]
[EventDate "2003.12.27"]
[PlyCount "81"]

1.d4 Nf6 2.Bg5 c6 3.Bxf6 exf6 4.e3 g6 5.g3 Bg7 6.Bg2 f5 7.Ne2 d6 8.O-O O-O
9.c4 Nd7 10.Nbc3 Nf6 11.b4 Re8 12.b5 Ne4 13.Qc2 Qe7 14.Rab1 h5 15.bxc6 
bxc6 16.Qa4 Qc7 17.Nd5 Qd8 18.Bxe4 fxe4 19.Qxc6 Bg4 20.Nef4 Rc8 21.Qa6 g5 
22.Ng2 Qd7 23.Rb7 Qf5 24.Qxd6 Be2 25.Re1 Bxc4 26.Ne7+ Rxe7 27.Qxe7 Bxa2 
28.Rc7 Rxc7 29.Qxc7 Be6 30.h4 f6 31.Rb1 Qg6 32.Qxa7 Bh3 33.hxg5 fxg5 34.
Kh2 Bg4 35.Qe7 h4 36.Rb8+ Kh7 37.gxh4 gxh4 38.Qxh4+ Bh6 39.Rb7+ Kg8 40.Nf4
Bxf4+ 41.exf4 1-0

[Event "33rd Rilton Cup"]
[Site "Stockholm SWE"]
[Date "2003.12.29"]
[Round "3.38"]
[White "Jiretorn, Eva"]
[Black "Malmstig, Erik"]
[Result "0-1"]
[WhiteElo "2146"]
[BlackElo "2277"]
[EventDate "2003.12.27"]
[PlyCount "98"]

1.d4 Nf6 2.c4 c5 3.d5 b5 4.cxb5 a6 5.bxa6 g6 6.Nc3 Bxa6 7.f4 d6 8.Nf3 Qa5 
9.Qd2 Bg7 10.e4 O-O 11.Bxa6 Qxa6 12.Qe2 Qxe2+ 13.Kxe2 Nbd7 14.h3 Nb6 15.
Kf2 Rfb8 16.Re1 Ne8 17.Re2 Nc7 18.Nd2 Kf8 19.g3 Rb7 20.Ndb1 f5 21.exf5 
gxf5 22.Rd2 Bd4+ 23.Kf3 Nbxd5 24.Rh2 Nb4 25.Be3 Nd3 26.Bxd4 cxd4 27.g4 
dxc3 28.Nxc3 Rxb2 29.Rxb2 Nxb2 30.a4 Ra5 31.g5 Ne6 32.h4 Nd4+ 33.Kg3 Rc5 
34.Nb5 Nxb5 35.axb5 Rxb5 36.Ra8+ Kf7 37.h5 Rb3+ 38.Kh2 Nd3 39.Rh8 Kg7 40.
Re8 Rb2+ 41.Kg3 Re2 42.h6+ Kf7 43.Rh8 Re3+ 44.Kh4 Nxf4 45.Rxh7+ Ke6 46.g6 
Nxg6+ 47.Kh5 Rg3 48.Rg7 Nf4+ 49.Kh4 Rxg7 0-1

[Event "33rd Rilton Cup"]
[Site "Stockholm SWE"]
[Date "2003.12.29"]
[Round "3.40"]
[White "Adler, Bo"]
[Black "Estegaard, Thomas"]
[Result "0-1"]
[WhiteElo "2245"]
[BlackElo "2105"]
[EventDate "2003.12.27"]
[PlyCount "106"]

1.d4 Nf6 2.c4 e6 3.Nc3 Bb4 4.a3 Bxc3+ 5.bxc3 O-O 6.e3 d5 7.cxd5 exd5 8.Bd3
c5 9.Ne2 Bg4 10.f3 Bh5 11.Nf4 Bg6 12.Nxg6 hxg6 13.O-O Nc6 14.Ra2 Rc8 15.
Re2 Re8 16.Bb2 cxd4 17.cxd4 Qb6 18.Qa1 Na5 19.Qa2 Nc4 20.Bc1 Rc6 21.Rd1 
Rec8 22.Bb1 Nd6 23.Bb2 Nb5 24.e4 dxe4 25.fxe4 Nc3 26.Bxc3 Rxc3 27.e5 Rc1 
28.Rd2 Ng4 29.Bc2 Rxd1+ 30.Rxd1 Ne3 31.Rb1 Rxc2 32.Rxb6 Rxa2 33.Rxb7 Rxg2+
34.Kh1 Ra2 35.Kg1 Rxa3 36.Rb8+ Kh7 37.Rb7 a5 38.Rxf7 a4 39.e6 Kg8 40.Ra7 
Kf8 41.Kf2 Nd5 42.Rd7 Nf6 43.Ra7 Ra1 44.Rf7+ Ke8 45.Rxg7 a3 46.Ra7 a2 47.
Kg2 Nd5 48.h3 Nf4+ 49.Kh2 Nxe6 50.d5 Nd4 51.d6 Nb3 52.Kg3 Rg1+ 53.Kh4 g5+ 
0-1

[Event "33rd Rilton Cup"]
[Site "Stockholm SWE"]
[Date "2003.12.29"]
[Round "3.44"]
[White "Nygren, David"]
[Black "Dalmau, Juan"]
[Result "1-0"]
[WhiteElo "2186"]
[BlackElo "2041"]
[EventDate "2003.12.27"]
[PlyCount "69"]

1.e4 e5 2.Nf3 Nc6 3.Bb5 Bc5 4.O-O Nge7 5.c3 Bb6 6.d4 exd4 7.cxd4 d5 8.exd5
Nxd5 9.Ne5 O-O 10.Nxc6 bxc6 11.Bxc6 Rb8 12.Nc3 Nb4 13.Be4 Qxd4 14.a3 f5 
15.Qb3+ Kh8 16.Be3 Qe5 17.Qxb4 c5 18.Qc4 fxe4 19.Qxe4 Qxe4 20.Nxe4 Ba6 21.
Rfd1 c4 22.Bxb6 Rxb6 23.Nc5 Bc8 24.Na4 Ra6 25.Nc3 Bf5 26.Rd4 Bd3 27.b3 Rc8
28.f3 Kg8 29.Rc1 Rxa3 30.bxc4 Bf5 31.Nb5 Ra5 32.Nd6 Rb8 33.c5 Be6 34.c6 
Rb2 35.c7 1-0

[Event "33rd Rilton Cup"]
[Site "Stockholm SWE"]
[Date "2003.12.29"]
[Round "3.47"]
[White "Lindh, Fredrik"]
[Black "Dalmau, Joergen"]
[Result "1/2-1/2"]
[WhiteElo "2196"]
[BlackElo "2003"]
[EventDate "2003.12.27"]
[PlyCount "85"]

1.e4 e5 2.Nf3 Nc6 3.Bb5 Nf6 4.O-O Nxe4 5.d4 Nd6 6.Bxc6 dxc6 7.dxe5 Nf5 8.
Qxd8+ Kxd8 9.Nc3 Ke8 10.Re1 Bb4 11.Bd2 h6 12.h3 Rg8 13.Rad1 Bxc3 14.Bxc3 
Be6 15.g4 Ne7 16.Nd4 g5 17.Rd3 Rd8 18.Red1 Bc4 19.R3d2 c5 20.Nf5 Rxd2 21.
Rxd2 Be6 22.Ng3 Ng6 23.Ne4 Ke7 24.Nxc5 b6 25.Nd3 Rd8 26.Kg2 c5 27.b3 c4 
28.Bb4+ Ke8 29.bxc4 Bxc4 30.Bd6 Bxa2 31.Nb4 Be6 32.Nc6 Rc8 33.Nxa7 Nf4+ 
34.Kf3 Rc3+ 35.Ke4 Bd7 36.h4 Rc4+ 37.Kf3 Ra4 38.hxg5 hxg5 39.Bb8 Ng6 40.e6
Bxe6 41.Nc6 Bxg4+ 42.Kg3 Bd7 43.Ne5 1/2-1/2

[Event "33rd Rilton Cup"]
[Site "Stockholm SWE"]
[Date "2003.12.29"]
[Round "3.49"]
[White "Asberg, Anders"]
[Black "Lappalainen, Tommy"]
[Result "0-1"]
[WhiteElo "1886"]
[BlackElo "2194"]
[EventDate "2003.12.27"]
[PlyCount "102"]

1.e4 c5 2.Nf3 e6 3.d4 cxd4 4.Nxd4 a6 5.Nc3 b5 6.Be3 Bb7 7.a3 Qc7 8.Bd3 Nf6
9.O-O d6 10.f4 Nbd7 11.Qf3 Be7 12.Rae1 Nb6 13.Qg3 h5 14.h3 Nc4 15.Bc1 h4 
16.Qf2 g6 17.Nd1 Nh5 18.b3 Nb6 19.Ne2 d5 20.Be3 Nd7 21.exd5 Bxd5 22.Ndc3 
Bb7 23.b4 Ng3 24.Bd4 Rh6 25.Nxg3 hxg3 26.Qe3 O-O-O 27.Be4 Rh5 28.Rb1 Bf6 
29.Bxb7+ Kxb7 30.Ne4 Bxd4 31.Qxd4 Rd5 32.Qe3 Qxc2 33.Rb3 Rd1 34.Nxg3 Rxf1+
35.Nxf1 Nf6 36.Rc3 Qe4 37.Qc1 Qd4+ 38.Kh1 Nd5 39.Rf3 Rc8 40.Qe1 Nxf4 41.
Qh4 e5 42.Ne3 f5 43.Qf2 Rc3 44.Qe1 Rd3 45.Qh4 Rxe3 46.Qe7+ Kc6 47.Qe8+ Kd5
48.Qd7+ Ke4 49.Qc6+ Nd5 50.Qc2+ Qd3 51.Rxe3+ Nxe3 0-1

[Event "33rd Rilton Cup"]
[Site "Stockholm SWE"]
[Date "2003.12.29"]
[Round "3.51"]
[White "Isaksson, Per"]
[Black "Lukin, Andrei"]
[Result "0-1"]
[WhiteElo "2085"]
[BlackElo "2431"]
[EventDate "2003.12.27"]
[PlyCount "62"]

1.d4 Nf6 2.c4 e6 3.Nc3 Bb4 4.Qc2 O-O 5.a3 Bxc3+ 6.Qxc3 b6 7.Bg5 Bb7 8.Nf3 
h6 9.Bh4 d6 10.Nd2 Nbd7 11.f3 c5 12.e3 Rc8 13.Be2 d5 14.b3 Ne4 15.Bxd8 
Nxc3 16.Bh4 Nxe2 17.Kxe2 cxd4 18.exd4 Ba6 19.Rac1 e5 20.dxe5 dxc4 21.bxc4 
Nxe5 22.Bg3 Rfe8 23.Bxe5 Rxe5+ 24.Kf2 Rec5 25.Rb1 Bxc4 26.Nxc4 Rxc4 27.Rb3
Rc2+ 28.Kg3 Ra2 29.Rd1 Rcc2 30.Rd8+ Kh7 31.Rd7 g5 0-1

[Event "33rd Rilton Cup"]
[Site "Stockholm SWE"]
[Date "2003.12.29"]
[Round "3.53"]
[White "Kopasov, Evgeny"]
[Black "Johansson, Kent"]
[Result "1-0"]
[WhiteElo "2154"]
[BlackElo "2027"]
[EventDate "2003.12.27"]
[PlyCount "95"]

1.d4 c5 2.d5 e6 3.c4 exd5 4.cxd5 d6 5.Nc3 g6 6.e4 Bg7 7.Nge2 Nf6 8.f3 O-O 
9.Ng3 a6 10.a4 b6 11.Be2 Re8 12.O-O Nbd7 13.Be3 Ne5 14.h3 Rb8 15.f4 Ned7 
16.Qc2 h5 17.e5 dxe5 18.fxe5 Rxe5 19.Bf4 h4 20.Nge4 Nxe4 21.Nxe4 Rxe4 22.
Qxe4 Nf6 23.Qf3 Ra8 24.Bg5 Bf5 25.Bxh4 Qd7 26.g4 Be4 27.Qf4 g5 28.Bxg5 Nh7
29.Bh4 Bd4+ 30.Bf2 Qxd5 31.Bxd4 cxd4 32.Bf3 Ng5 33.Bxe4 Nxh3+ 34.Kh2 Nxf4 
35.Bxd5 Nxd5 36.Rfd1 Nb4 37.Rac1 d3 38.Rc7 Re8 39.Rd2 Re2+ 40.Rxe2 dxe2 
41.Re7 Kg7 42.Rxe2 Kf6 43.Kg3 Nd5 44.Kf3 a5 45.Ke4 Ke6 46.Kd4+ Kd6 47.Rf2 
f6 48.Rf5 1-0

[Event "33rd Rilton Cup"]
[Site "Stockholm SWE"]
[Date "2003.12.29"]
[Round "3.58"]
[White "Namini, Armin"]
[Black "Gustafsson, Stefan"]
[Result "1/2-1/2"]
[WhiteElo "2086"]
[BlackElo "1980"]
[EventDate "2003.12.27"]
[PlyCount "36"]

1.d4 Nf6 2.c4 e6 3.Nf3 b6 4.g3 Bb7 5.Bg2 d5 6.Ne5 Nbd7 7.Qa4 c6 8.cxd5 
exd5 9.O-O Nxe5 10.dxe5 Nd7 11.f4 Bc5+ 12.e3 a5 13.Qc2 Qe7 14.Re1 f6 15.
exf6 Nxf6 16.Bd2 O-O 17.h3 Rfe8 18.Nc3 b5 1/2-1/2

[Event "33rd Rilton Cup"]
[Site "Stockholm SWE"]
[Date "2003.12.29"]
[Round "3.60"]
[White "Azizi, Haroon"]
[Black "Friberg, Hans"]
[Result "1/2-1/2"]
[WhiteElo "2122"]
[BlackElo "2243"]
[EventDate "2003.12.27"]
[PlyCount "36"]

1.d4 e6 2.Nf3 d5 3.e3 Nf6 4.c4 Be7 5.Nc3 O-O 6.Bd3 dxc4 7.Bxc4 c5 8.O-O a6
9.Qe2 Nc6 10.Re1 cxd4 11.exd4 Nb4 12.Ne5 b5 13.Bb3 Bb7 14.Bg5 Nbd5 15.Rac1
Nxc3 16.bxc3 Nd5 17.Bxe7 Qxe7 18.Qd2 Rfd8 1/2-1/2

[Event "33rd Rilton Cup"]
[Site "Stockholm SWE"]
[Date "2003.12.29"]
[Round "3.62"]
[White "Johnsen, Sylvia"]
[Black "Palmblad, Jan-Peter"]
[Result "0-1"]
[WhiteElo "2102"]
[BlackElo "2187"]
[EventDate "2003.12.27"]
[PlyCount "72"]

1.c4 e6 2.Nc3 d5 3.d4 c5 4.cxd5 exd5 5.Nf3 Nc6 6.e3 Nf6 7.Bb5 a6 8.Bxc6+ 
bxc6 9.Ne5 Qc7 10.O-O Bd6 11.f4 O-O 12.b3 cxd4 13.exd4 c5 14.Ba3 cxd4 15.
Bxd6 Qxd6 16.Qxd4 Rb8 17.Na4 Bf5 18.Rac1 Rfc8 19.Qa7 Nd7 20.Nc5 Nxe5 21.
fxe5 Qxe5 22.Nxa6 Ra8 23.Rxc8+ Rxc8 24.Qf2 g6 25.Nc5 d4 26.b4 h5 27.a4 d3 
28.Rd1 Re8 29.h3 Qc3 30.a5 Re2 31.Qf3 Re1+ 32.Kf2 Rxd1 33.Qxd1 Qxb4 34.
Nxd3 Qd4+ 35.Ke2 Qe4+ 36.Kd2 Qxd3+ 0-1

[Event "33rd Rilton Cup"]
[Site "Stockholm SWE"]
[Date "2003.12.29"]
[Round "3.63"]
[White "Johansson, Viktoria"]
[Black "Jensen, Leif Haugaard"]
[Result "0-1"]
[WhiteElo "2167"]
[BlackElo "2055"]
[EventDate "2003.12.27"]
[PlyCount "106"]

1.d4 d5 2.c4 c6 3.Nc3 Nf6 4.e3 e6 5.Nf3 Be7 6.Bd3 O-O 7.O-O Nbd7 8.b3 Qc7 
9.Bb2 dxc4 10.bxc4 e5 11.Qc2 exd4 12.exd4 Re8 13.Rfe1 Nf8 14.Ne4 Nxe4 15.
Bxe4 Bg4 16.Ne5 Bh5 17.Re3 Bg6 18.Nxg6 hxg6 19.Bc3 Bg5 20.Re2 Rad8 21.Rae1
Bf6 22.Qb2 b6 23.g3 Qd7 24.d5 Bxc3 25.Qxc3 cxd5 26.Bxd5 Rxe2 27.Rxe2 Re8 
28.Rxe8 Qxe8 29.c5 bxc5 30.Qxc5 Qd7 31.Qc4 Nh7 32.a4 Nf6 33.Bf3 Qf5 34.Kg2
Qd7 35.a5 Ne8 36.Qc5 Qc7 37.Qd5 Nd6 38.h4 Nc4 39.a6 Nd6 40.h5 gxh5 41.Bxh5
Qb6 42.Be2 g6 43.Bd3 Kg7 44.Kf3 Kf6 45.Kg4 Kg7 46.f4 Nf5 47.Qe5+ Kg8 48.
Qe8+ Kg7 49.Qe5+ Kg8 50.Kh3 Qg1 51.Qe8+ Kg7 52.Qe5+ Kh7 53.Bxf5 Qh1+ 0-1

[Event "33rd Rilton Cup"]
[Site "Stockholm SWE"]
[Date "2003.12.29"]
[Round "3.64"]
[White "Christensen, Esben"]
[Black "Miloradovic, Jelena"]
[Result "1-0"]
[WhiteElo "2083"]
[BlackElo "2149"]
[EventDate "2003.12.27"]
[PlyCount "45"]

1.e4 e6 2.Nf3 c5 3.d4 cxd4 4.Nxd4 Nf6 5.Bd3 d5 6.exd5 Nxd5 7.O-O Be7 8.Re1
O-O 9.c3 Nc6 10.Nxc6 bxc6 11.Nd2 Nf4 12.Bb1 Nd3 13.Qc2 Ba6 14.c4 Bf6 15.
Qxd3 Qxd3 16.Bxd3 Rfd8 17.Be2 Bxb2 18.Bxb2 Rxd2 19.Be5 Rad8 20.Bf4 Rc2 21.
Be3 Bxc4 22.Bxc4 Rxc4 23.Bxa7 1-0

[Event "33rd Rilton Cup"]
[Site "Stockholm SWE"]
[Date "2003.12.29"]
[Round "3.65"]
[White "Karlsen, Terje"]
[Black "Hammar, Ulf"]
[Result "0-1"]
[WhiteElo "2083"]
[BlackElo "2100"]
[EventDate "2003.12.27"]
[PlyCount "161"]

1.d4 c5 2.e4 cxd4 3.Nf3 e5 4.c3 dxc3 5.Nxc3 Nc6 6.Bc4 Bc5 7.Bxf7+ Kxf7 8.
Qd5+ Ke8 9.Qxc5 Qe7 10.Be3 d6 11.Qa3 Be6 12.O-O Nf6 13.Rfd1 Rd8 14.Rd2 Ng4
15.Bg5 Nf6 16.Rad1 h6 17.Bh4 g5 18.Bg3 Bg4 19.Rxd6 Rxd6 20.Qxd6 Bxf3 21.
gxf3 Qxd6 22.Rxd6 Ke7 23.Rd3 Rd8 24.Rxd8 Kxd8 25.Nd5 Nd7 26.Ne3 Nf6 27.h4 
Kd7 28.Nf5 Ng8 29.Kf1 Ke6 30.Ke2 Nce7 31.Ne3 Ng6 32.hxg5 hxg5 33.Kd3 N8e7 
34.Kc4 Nc6 35.Ng4 Na5+ 36.Kc5 Nc6 37.b4 Nf8 38.a4 Nd7+ 39.Kc4 Nb6+ 40.Kc5 
Nxa4+ 41.Kc4 Nb6+ 42.Kc5 Nd7+ 43.Kc4 a6 44.Ne3 Nb6+ 45.Kc3 Nd4 46.Kd3 Nxf3
47.Nf5 Ne1+ 48.Kc3 Nf3 49.Kd3 Nd7 50.Ke3 Ne1 51.Kd2 Ng2 52.f3 Nf4 53.Bf2 
Nf6 54.Nh6 Nd7 55.Nf5 Nb8 56.Kc3 Nc6 57.Be3 b5 58.Bc5 Ng6 59.Be3 Nh4 60.
Bxg5 Nxf5 61.exf5+ Kxf5 62.Be3 Ne7 63.Kd3 Nd5 64.Bd2 Nf4+ 65.Ke3 Nh3 66.
Kd3 Nf4+ 67.Ke3 Nd5+ 68.Kd3 Nf6 69.Bh6 Ke6 70.Bf8 Kd5 71.Be7 Nd7 72.Ke3 
Nb8 73.Kd3 Nc6 74.Bf8 Nd4 75.Ke3 Kc4 76.Ke4 Nc6 77.Bd6 Nxb4 78.Kxe5 Nd5 
79.f4 b4 80.f5 a5 81.Ke4 0-1

[Event "33rd Rilton Cup"]
[Site "Stockholm SWE"]
[Date "2003.12.29"]
[Round "3.66"]
[White "Janse, Love"]
[Black "Horn, Emilia"]
[Result "1-0"]
[WhiteElo "2152"]
[BlackElo "2028"]
[EventDate "2003.12.27"]
[PlyCount "107"]

1.e4 e5 2.Nc3 Nc6 3.Bc4 Nf6 4.d3 Na5 5.Nge2 c6 6.f4 Nxc4 7.dxc4 exf4 8.
Bxf4 Bc5 9.Bd6 Bxd6 10.Qxd6 Qe7 11.c5 b6 12.Qxe7+ Kxe7 13.cxb6 axb6 14.Nd4
g6 15.O-O Ba6 16.e5 Ne8 17.Rf3 Rf8 18.Ne4 c5 19.Nb3 Bb7 20.Re3 Ra4 21.Nbd2
Nc7 22.b3 Ra6 23.Nf6 h5 24.Nde4 Nb5 25.a4 Nd4 26.Rd1 Bc6 27.Rd2 Ra7 28.Nd6
b5 29.axb5 Bxb5 30.Nfe4 Ra1+ 31.Kf2 Rf1+ 32.Kg3 Nf5+ 33.Nxf5+ gxf5 34.Nf2 
Rg8+ 35.Kh3 f4 36.Rc3 Bc6 37.Nd3 Rg1 38.Nxf4 Rg4 39.g3 Rg5 40.Rxc5 Ke8 41.
Kh4 Rg8 42.Nxh5 Rh8 43.Kg5 Rg8+ 44.Kf4 Rf1+ 45.Ke3 Rg5 46.Nf4 f6 47.Nd3 
Rf3+ 48.Ke2 Rff5 49.Ke1 Kf8 50.Rf2 Rxf2 51.Kxf2 Rf5+ 52.Ke3 Rh5 53.exf6 
Rxh2 54.Ne5 1-0

[Event "33rd Rilton Cup"]
[Site "Stockholm SWE"]
[Date "2003.12.29"]
[Round "3.67"]
[White "Kulagin, Maxim"]
[Black "Hansen, Victor"]
[Result "1/2-1/2"]
[WhiteElo "2056"]
[BlackElo "2114"]
[EventDate "2003.12.27"]
[PlyCount "216"]

1.e4 c6 2.Nc3 d5 3.Qf3 dxe4 4.Nxe4 Nf6 5.Nxf6+ exf6 6.Qg3 Bf5 7.c3 Nd7 8.
d4 Qb6 9.Bc4 Bg6 10.Ne2 O-O-O 11.O-O Be7 12.Nf4 Bd6 13.Qf3 Qc7 14.Nxg6 
hxg6 15.g3 Nb6 16.Bb3 Qd7 17.Bd2 Rh3 18.Kg2 Rh5 19.h4 Rdh8 20.Rh1 Rf5 21.
Qd3 c5 22.g4 Qc6+ 23.f3 c4 24.Bxc4 Qxc4 25.Qxc4+ Nxc4 26.gxf5 Nxd2 27.fxg6
fxg6 28.b3 Kd7 29.Rad1 Bf4 30.Kf2 b5 31.Rdg1 Rc8 32.Rxg6 Rxc3 33.Rxg7+ Kd6
34.h5 Rxf3+ 35.Kg2 Re3 36.h6 Re2+ 37.Kh3 Bxh6 38.Rxa7 Ne4 39.Rf1 b4 40.Rf5
Ke6 41.Rb5 Bd2 42.d5+ Kf5 43.d6+ Kf4 44.Rf7 Be1 45.d7 Bg3 46.Rxf6+ Nxf6 
47.Rf5+ Kxf5 48.d8=Q Re3 49.Qc8+ Kg6 50.Qc2+ Kh6 51.Kg2 Bf4 52.Qc6 Be5 53.
Qc5 Rg3+ 54.Kf1 Bc3 55.Qc7 Rg4 56.a4 Kg5 57.Qc5+ Kf4 58.Ke2 Rg3 59.Qc7+ 
Kg4 60.a5 Nh5 61.Qd7+ Kh4 62.Qe7+ Kh3 63.Qh7 Kg4 64.Qg6+ Kh4 65.Qe4+ Kg5 
66.a6 Nf4+ 67.Kf1 Nh3 68.Qd5+ Kf4 69.Qd6+ Be5 70.Qxb4+ Kf3 71.Qc5 Bb8 72.
Qc3+ Kf4 73.Qd4+ Kf3 74.Ke1 Rg1+ 75.Kd2 Bf4+ 76.Kc3 Be3 77.Qd5+ Kf2 78.b4 
Nf4 79.Qb7 Rc1+ 80.Kb3 Ra1 81.b5 Nd3 82.Kc4 Ke2 83.b6 Rc1+ 84.Kd5 Nc5 85.
Qc6 Rd1+ 86.Ke5 Nd7+ 87.Ke6 Nxb6 88.Qg2+ Kd3 89.Qg6+ Kc3 90.Qg3 Nc4 91.Qc7
Ra1 92.Qb7 Bd4 93.Kd5 Ra5+ 94.Ke6 Re5+ 95.Kd7 Rg5 96.Qb1 Rg7+ 97.Kc6 Rg1 
98.Qb5 Ra1 99.Kd7 Ra5 100.Qb7 Bb6 101.Ke7 Kb4 102.Kd7 Ne5+ 103.Ke6 Nc4 
104.Kd7 Rg5 105.a7 Rg7+ 106.Kc6 Na5+ 107.Kxb6 Rxb7+ 108.Ka6 Rxa7+ 1/2-1/2

[Event "33rd Rilton Cup"]
[Site "Stockholm SWE"]
[Date "2003.12.29"]
[Round "3.68"]
[White "Getta, Markus"]
[Black "Egeland, Marte"]
[Result "1/2-1/2"]
[WhiteElo "2096"]
[BlackElo "1990"]
[EventDate "2003.12.27"]
[PlyCount "94"]

1.e4 d5 2.exd5 Nf6 3.Bb5+ Bd7 4.Bc4 Bg4 5.f3 Bc8 6.Nc3 Nbd7 7.d4 Nb6 8.Bd3
Nbxd5 9.Nxd5 Nxd5 10.c4 Nb6 11.Ne2 g6 12.Bd2 Bg7 13.Bc3 c6 14.Qc2 O-O 15.
h4 h6 16.O-O-O Qc7 17.g4 e5 18.dxe5 Bxe5 19.Kb1 Be6 20.b3 Rfe8 21.Bxe5 
Qxe5 22.Nc3 a5 23.Rhe1 Qf6 24.Ne4 Qf4 25.g5 Nd7 26.gxh6 Qxh6 27.Nd6 Re7 
28.Qc3 a4 29.b4 Qg7 30.Qxg7+ Kxg7 31.h5 Nf6 32.hxg6 fxg6 33.Rg1 Bf7 34.
Nxf7 Kxf7 35.Bxg6+ Kf8 36.Rge1 Rg7 37.Bc2 Rg3 38.f4 Rf3 39.Rf1 Rc3 40.c5 
Rc4 41.a3 Nd5 42.Rd3 Re8 43.Bxa4 Nc3+ 44.Kb2 Nxa4+ 45.Kb3 b5 46.cxb6 Nxb6 
47.Rc3 Rxc3+ 1/2-1/2

[Event "33rd Rilton Cup"]
[Site "Stockholm SWE"]
[Date "2003.12.29"]
[Round "3.69"]
[White "Bodin, Stefan"]
[Black "Nystrom, Ragnar"]
[Result "0-1"]
[WhiteElo "2004"]
[BlackElo "2098"]
[EventDate "2003.12.27"]
[PlyCount "88"]

1.b3 e5 2.Bb2 d6 3.d4 f6 4.g3 Be6 5.Bg2 c6 6.c4 Ne7 7.Nc3 Ng6 8.e3 Be7 9.
Qd2 O-O 10.h4 Re8 11.h5 Nf8 12.d5 Bf7 13.g4 c5 14.Nge2 Na6 15.Ng3 Nc7 16.
Nf5 Qb8 17.Ne4 Na6 18.Bf1 Qc7 19.Be2 Rac8 20.Rg1 h6 21.Neg3 Nh7 22.Nxg7 
Kxg7 23.Nf5+ Kf8 24.Nxh6 Bd8 25.Nf5 Ng5 26.e4 Nb8 27.Rh1 Bg8 28.O-O-O a6 
29.Bd3 Nd7 30.Rdf1 Bh7 31.f4 exf4 32.Qxf4 Ne5 33.Bb1 Kg8 34.h6 Bxf5 35.
gxf5 b5 36.Rfg1 bxc4 37.bxc4 Rb8 38.h7+ Kh8 39.Rg2 Rb4 40.Bxe5 dxe5 41.Qf1
Qb6 42.Bc2 Be7 43.Rh6 Rb8 44.Bb3 Rxb3 0-1

[Event "33rd Rilton Cup"]
[Site "Stockholm SWE"]
[Date "2003.12.29"]
[Round "3.70"]
[White "Backman, Michael"]
[Black "Breen, Veronica"]
[Result "0-1"]
[WhiteElo "2106"]
[BlackElo "1998"]
[EventDate "2003.12.27"]
[PlyCount "74"]

1.d4 Nf6 2.c4 e6 3.Nc3 Bb4 4.Qc2 O-O 5.Bg5 b6 6.e4 Bxc3+ 7.bxc3 h6 8.Bh4 
g5 9.Bg3 Bb7 10.e5 Nh5 11.Qd1 Nxg3 12.hxg3 Kg7 13.Qh5 Rh8 14.f4 Be4 15.Nh3
Nc6 16.Nf2 Bg6 17.Qf3 Qe7 18.Ng4 h5 19.Nf6 g4 20.Qe3 Qa3 21.Kf2 Ne7 22.Qd2
d6 23.Rc1 Rad8 24.Be2 Nf5 25.Bd3 Ne7 26.f5 exf5 27.Qg5 dxe5 28.Nxh5+ Rxh5 
29.Rxh5 f6 30.Qh6+ Kf7 31.d5 Ng8 32.Qd2 Bxh5 33.Bxf5 Qc5+ 34.Ke2 Qxc4+ 35.
Bd3 Qxd5 36.Qe3 Qxg2+ 37.Kd1 e4 0-1